RICS response to the government consultation paper on Planning-gain Supplement (Record no. 76992)

MARC details
000 -LEADER
fixed length control field 01222cab a2200205 4500
001 - CONTROL NUMBER
control field ##L133417
008 - FIXED-LENGTH DATA ELEMENTS--GENERAL INFORMATION
fixed length control field 060508n2006 000 0 eng u
035 ## - SYSTEM CONTROL NUMBER
System control number (Sirsi) u133417
041 0# - LANGUAGE CODE
Language code of text/sound track or separate title eng
110 2# - MAIN ENTRY--CORPORATE NAME
Corporate name or jurisdiction name as entry element Royal Institution of Chartered Surveyors
Subordinate unit Public Affairs
9 (RLIN) 4679
245 00 - TITLE STATEMENT
Title RICS response to the government consultation paper on Planning-gain Supplement
260 ## - PUBLICATION, DISTRIBUTION, ETC.
Place of publication, distribution, etc. London
Name of publisher, distributor, etc. RICS
Date of publication, distribution, etc. 2006
490 #0 - SERIES STATEMENT
Series statement RICS Website News
Volume/sequential designation 1 March 2006
520 ## - SUMMARY, ETC.
Summary, etc. Provides a chapter-by-chapter response to the consultation paper (L132415) with recommendations. RICS continues to maintain that the proposed scheme will do little to help in easing the supply of land for housing as it based on a misunderstanding of how land being brought forward for development, is valued , how planning gains arise and how the property market operates. Recommends a tariff-based system as a more workable and effective system.
650 24 - SUBJECT ADDED ENTRY--TOPICAL TERM
Topical term or geographic name entry element PLANNING GAIN SUPPLEMENT
690 ## - LOCAL SUBJECT ADDED ENTRY--TOPICAL TERM (OCLC, RLIN)
Topical term or geographic name as entry element ENVIRONMENTAL AND LAND CONSULTANCY-PLANNING AND DEVELOPMENT-PLANNING REFORM
700 1# - ADDED ENTRY--PERSONAL NAME
Personal name Cleghorn, Damian
856 40 - ELECTRONIC LOCATION AND ACCESS
Uniform Resource Identifier <a href="https://www.rics.org/RICSWEB/getpage.aspx?p=h2NENZz-O0qQXMbgkW8rug">https://www.rics.org/RICSWEB/getpage.aspx?p=h2NENZz-O0qQXMbgkW8rug</a>
Public note View the response free of charge at www.rics.org...
942 ## - ADDED ENTRY ELEMENTS (KOHA)
Suppress in OPAC 0
Holdings
Withdrawn status Lost status Source of classification or shelving scheme Damaged status Not for loan Home library Current library Shelving location Date acquired Total Checkouts Full call number Barcode Date last seen Copy number Price effective from Koha item type
    Dewey Decimal Classification     Virtual Virtual Online 08/05/2006   ONLINE PUBLICATION 133417-2001 06/08/2019 1 06/08/2019 Journal article